Objavovanie vzorov pohľadu pri navigačných úlohách na Webe

Salvato in:
Dettagli Bibliografici
Autore principale: Lelkes, Ladislav (Autore)
Altri autori: Hlaváč, Patrik (Relatore della tesi)
Natura: Manoscritto Libro
Lingua:slovacco
Pubblicazione: 2020
Soggetti:
Accesso online:http://is.stuba.sk/zp/portal_zp.pl?podrobnosti=139197
Tags: Aggiungi Tag
Nessun Tag, puoi essere il primo ad aggiungerne!!

MARC

LEADER 00000ntm a22000003a 4500
001 stuzp80578
003 SK-STU
005 20200620211845.6
007 ta
008 150427s2015----xo-----f-mn---000-0-slo-d
040 |a STU  |b slo 
041 0 |a slo 
100 1 |a Lelkes, Ladislav  |u 070200  |4 aut  |U FIIT Fakulta informatiky a informačných technológií  |T FIIT Ústav informatiky, informačných systémov a softvérového inžinierstva  |X 88210  |U I200  |Y 179  |7 88210 
242 0 1 |a Discovery of gaze patterns in navigational tasks on Web  |y eng 
245 1 0 |a Objavovanie vzorov pohľadu pri navigačných úlohách na Webe 
260 |c 2020 
650 4 |a zaznamenávanie pohľadu  |2 slo 
650 4 |a okulograf  |2 slo 
650 4 |a zručnosť používateľa  |2 slo 
650 4 |a navigácia na Webe  |2 slo 
650 4 |a user skills  |2 eng 
650 4 |a eye-tracker  |2 eng 
650 4 |a eye movement capture  |2 eng 
650 4 |a Web navigation  |2 eng 
700 1 |a Hlaváč, Patrik  |u 070200  |k Z8  |4 ths  |U FIIT Fakulta informatiky a informačných technológií  |T FIIT Ústav informatiky, informačných systémov a softvérového inžinierstva  |X 5659  |U I200  |Y 179  |7 5659 
856 4 |u http://is.stuba.sk/zp/portal_zp.pl?podrobnosti=139197